Utilisateurs de FEU dans les mangas - Mort Subite - Statistiques

Statistiques générales
  • Ce quiz a été pris 55 fois
  • Le résultat moyen est 11 sur 24
Answers on the Grid
Answers color-coded by a green-red scale on the quiz's grid according to % correct below.
Natsu Dragnir
Eren Jäger
Shinya Kogami
Sasuke Uchiha
Mereoleona Vermillion
Alibaba Saluja
Mohammed Avdol
Shoto Todoroki
Hiei
Revy
Shinichi Izumi
Sabo
Yamamoto Genryusai
Gon Freecss
Benimaru Shinmon
Pop
Piccolo
beelzebub
Hashira Rengoku
Rei Ogami
Rin Itoshi
Portgas D. Ace
Decim
Tsunayoshi Sawada
Seiya
Endeavor
Akira Mado
Flazzard
Escanor
Marik Ishtar
Griffith
Sarada Uchiha
Madara Uchiha
Gintoki Sakata
Roy Mustang
Ken Kaneki
Koro Sensei
Vash The Stampede
Shinra Kusakabe
Nana Osaki
Claire
Itachi Uchiha
Tanjiro Kamado
Yoichi Hiruma
Ippo Makunouchi
 
Statistiques - réponses
Réponse % Correct
Portgas D. Ace
80%
Natsu Dragnir
70%
Endeavor
68%
Itachi Uchiha
65%
Shoto Todoroki
65%
Hashira Rengoku
60%
Sabo
60%
Sasuke Uchiha
60%
Madara Uchiha
58%
Escanor
53%
Roy Mustang
53%
Sarada Uchiha
53%
Tanjiro Kamado
53%
Shinra Kusakabe
48%
Mereoleona Vermillion
45%
Yamamoto Genryusai
38%
Benimaru Shinmon
35%
Flazzard
25%
Mohammed Avdol
25%
Alibaba Saluja
13%
Tsunayoshi Sawada
13%
Hiei
10%
Rei Ogami
5%
Pop
3%
Aucun quiz correspondant
Distribution des résultats
% des personnes avec chaque résultat
Percentile par nombre de réponses
Votre historique - résultats
Vous n’avez pas pris ce quiz